[Event "BPB Limburg Open - Group A"]
[Site "chess24.com"]
[Date "2016.05.16"]
[Round "6"]
[White "Swinkels, Robin"]
[Black "Bachmann, Axel"]
[Result "1/2-1/2"]
[Board "1"]
[WhiteTitle "GM"]
[WhiteElo "2485"]
[WhiteCountry "NED"]
[WhiteFideId "1010824"]
[WhiteEloChange "2"]
[BlackTitle "GM"]
[BlackElo "2632"]
[BlackCountry "PAR"]
[BlackFideId "3700488"]
[BlackEloChange "-2"]

1. d4 {[%clk 1:59:52]} Nf6 {[%clk 1:59:33]} 2. c4 {[%clk 2:00:01]} e6 {[%clk
1:59:43]} 3. g3 {[%clk 2:00:06]} Bb4+ {[%clk 1:57:22]} 4. Bd2 {[%clk 2:00:15]} a5
{[%clk 1:57:27]} 5. Bg2 {[%clk 2:00:22]} d6 {[%clk 1:57:35]} 6. e4 {[%clk
1:58:41]} e5 {[%clk 1:55:24]} 7. Ne2 {[%clk 1:58:53]} O-O {[%clk 1:54:07]} 8. O-O
{[%clk 1:58:15]} exd4 {[%clk 1:47:28]} 9. Nxd4 {[%clk 1:58:04]} Re8 {[%clk
1:47:37]} 10. Qc2 {[%clk 1:42:39]} Nbd7 {[%clk 1:31:11]} 11. h3 {[%clk 1:39:29]}
Nc5 {[%clk 1:20:22]} 12. Re1 {[%clk 1:30:26]} Bxd2 {[%clk 1:07:01]} 13. Nxd2
{[%clk 1:30:18]} c6 {[%clk 1:07:12]} 14. Rad1 {[%clk 1:19:44]} Qb6 {[%clk
1:07:09]} 15. N2b3 {[%clk 1:11:11]} Na6 {[%clk 0:55:50]} 16. Qc3 {[%clk 1:04:56]}
a4 {[%clk 0:54:27]} 17. Nc1 {[%clk 1:04:16]} Nc5 {[%clk 0:53:28]} 18. f3 {[%clk
0:52:45]} Bd7 {[%clk 0:42:48]} 19. Kh2 {[%clk 0:52:11]} Rad8 {[%clk 0:42:56]} 20.
Re3 {[%clk 0:43:50]} Bc8 {[%clk 0:41:48]} 21. Rde1 {[%clk 0:42:35]} h5 {[%clk
0:38:15]} 22. h4 {[%clk 0:42:21]} Nfd7 {[%clk 0:26:35]} 23. Bh3 {[%clk 0:33:51]}
g6 {[%clk 0:26:34]} 24. Bxd7 {[%clk 0:33:33]} Nxd7 {[%clk 0:25:23]} 25. Nd3
{[%clk 0:30:52]} Ne5 {[%clk 0:25:29]} 26. Kg2 {[%clk 0:29:42]} Re7 {[%clk
0:23:07]} 27. R1e2 {[%clk 0:23:26]} Rde8 {[%clk 0:21:25]} 28. b3 {[%clk 0:19:20]}
axb3 {[%clk 0:21:23]} 29. axb3 {[%clk 0:19:34]} Nxd3 {[%clk 0:16:33]} 30. Qxd3
{[%clk 0:19:02]} Qc7 {[%clk 0:16:43]} 31. Qc3 {[%clk 0:17:47]} Qd7 {[%clk
0:15:15]} 32. Kg1 {[%clk 0:17:29]} Qc7 {[%clk 0:14:19]} 33. Kg2 {[%clk 0:17:39]}
Kh7 {[%clk 0:11:35]} 34. Nc2 {[%clk 0:09:45]} Qd7 {[%clk 0:09:14]} 35. Kg1 {[%clk
0:09:58]} Qc7 {[%clk 0:09:01]} 36. Kg2 {[%clk 0:10:11]} Qd7 {[%clk 0:09:05]} 37.
Kg1 {[%clk 0:10:25]} Qc7 {[%clk 0:08:59]} 1/2-1/2

[Event "BPB Limburg Open - Group A"]
[Site "chess24.com"]
[Date "2016.05.16"]
[Round "6"]
[White "Gharamian, Tigran"]
[Black "Chatalbashev, Boris"]
[Result "1/2-1/2"]
[Board "2"]
[WhiteTitle "GM"]
[WhiteElo "2627"]
[WhiteCountry "FRA"]
[WhiteFideId "13301527"]
[WhiteEloChange "-1"]
[BlackTitle "GM"]
[BlackElo "2548"]
[BlackCountry "BUL"]
[BlackFideId "2900440"]
[BlackEloChange "1"]

1. e4 {[%clk 2:00:26]} c5 {[%clk 1:36:06]} 2. Nf3 {[%clk 2:00:19]} Nc6 {[%clk
1:36:14]} 3. Bb5 {[%clk 2:00:23]} g6 {[%clk 1:36:24]} 4. Bxc6 {[%clk 2:00:31]}
bxc6 {[%clk 1:36:34]} 5. O-O {[%clk 2:00:40]} Bg7 {[%clk 1:36:46]} 6. Re1 {[%clk
2:00:49]} Nh6 {[%clk 1:36:56]} 7. c3 {[%clk 2:00:51]} O-O {[%clk 1:37:03]} 8. d4
{[%clk 2:00:55]} cxd4 {[%clk 1:37:14]} 9. cxd4 {[%clk 2:01:03]} d5 {[%clk
1:37:25]} 10. e5 {[%clk 2:01:10]} f6 {[%clk 1:37:35]} 11. e6 {[%clk 1:56:08]} Nf5
{[%clk 1:35:06]} 12. Nc3 {[%clk 1:30:23]} Qd6 {[%clk 1:34:57]} 13. g4 {[%clk
1:24:57]} Nh6 {[%clk 1:35:06]} 14. h3 {[%clk 1:24:59]} Bxe6 {[%clk 1:34:55]} 15.
Qe2 {[%clk 1:21:56]} Bd7 {[%clk 1:31:10]} 16. Qxe7 {[%clk 1:18:51]} Nf7 {[%clk
1:30:30]} 17. Qxd6 {[%clk 0:53:28]} 1/2-1/2

[Event "BPB Limburg Open - Group A"]
[Site "chess24.com"]
[Date "2016.05.16"]
[Round "6"]
[White "Dambacher, Martijn"]
[Black "Fier, Alexandr"]
[Result "0-1"]
[Board "3"]
[WhiteTitle "GM"]
[WhiteElo "2486"]
[WhiteCountry "NED"]
[WhiteFideId "1005030"]
[WhiteEloChange "-3"]
[BlackTitle "GM"]
[BlackElo "2624"]
[BlackCountry "BRA"]
[BlackFideId "2107139"]
[BlackEloChange "3"]

1. d4 {[%clk 2:00:06]} Nf6 {[%clk 2:00:25]} 2. c4 {[%clk 2:00:13]} g6 {[%clk
2:00:37]} 3. Nc3 {[%clk 2:00:19]} d5 {[%clk 2:00:48]} 4. Qb3 {[%clk 2:00:22]}
dxc4 {[%clk 2:00:59]} 5. Qxc4 {[%clk 2:00:29]} Be6 {[%clk 2:01:10]} 6. Qb5+
{[%clk 2:00:01]} Bd7 {[%clk 2:01:19]} 7. Qb3 {[%clk 1:59:55]} c5 {[%clk 2:01:29]}
8. d5 {[%clk 1:58:47]} b5 {[%clk 2:01:38]} 9. Nxb5 {[%clk 1:58:38]} Na6 {[%clk
2:01:48]} 10. Nc3 {[%clk 1:57:08]} Rb8 {[%clk 2:01:58]} 11. Qd1 {[%clk 1:56:25]}
Bg7 {[%clk 2:02:09]} 12. e4 {[%clk 1:18:59]} Qa5 {[%clk 2:02:08]} 13. Bxa6 {[%clk
1:19:03]} Nxe4 {[%clk 1:57:02]} 14. Ne2 {[%clk 0:53:53]} Nxc3 {[%clk 1:56:47]}
15. Nxc3 {[%clk 0:54:03]} Qxa6 {[%clk 1:56:21]} 16. Qe2 {[%clk 0:54:13]} Qxe2+
{[%clk 1:53:46]} 17. Kxe2 {[%clk 0:54:14]} O-O {[%clk 1:53:55]} 18. f3 {[%clk
0:41:22]} Rb6 {[%clk 1:51:42]} 19. Nd1 {[%clk 0:32:42]} Rfb8 {[%clk 1:50:15]} 20.
Bf4 {[%clk 0:29:03]} Rxb2+ {[%clk 1:49:07]} 21. Nxb2 {[%clk 0:28:45]} Rxb2+
{[%clk 1:49:16]} 22. Bd2 {[%clk 0:27:14]} c4 {[%clk 1:49:02]} 23. Ke3 {[%clk
0:23:17]} c3 {[%clk 1:48:04]} 24. Be1 {[%clk 0:23:16]} Bb5 {[%clk 1:42:41]} 25.
f4 {[%clk 0:20:59]} Re2+ {[%clk 1:42:51]} 26. Kf3 {[%clk 0:21:10]} Bd4 {[%clk
1:43:02]} 27. f5 {[%clk 0:14:20]} gxf5 {[%clk 1:32:01]} 28. Rc1 {[%clk 0:13:34]}
Re3+ {[%clk 1:30:43]} 29. Kf4 {[%clk 0:13:44]} Re4+ {[%clk 1:29:37]} 30. Kg3
{[%clk 0:13:27]} f4+ {[%clk 1:26:30]} 31. Kg4 {[%clk 0:12:06]} Be2+ {[%clk
1:26:10]} 32. Kf5 {[%clk 0:11:47]} Bd3 {[%clk 1:24:32]} 33. Kg4 {[%clk 0:11:36]}
f5+ {[%clk 1:24:01]} 34. Kh3 {[%clk 0:11:03]} Be2 {[%clk 1:23:34]} 35. Bxc3
{[%clk 0:10:52]} Re3+ {[%clk 1:23:40]} 0-1

[Event "BPB Limburg Open - Group A"]
[Site "chess24.com"]
[Date "2016.05.16"]
[Round "6"]
[White "Fridman, Daniel"]
[Black "Van Foreest, Jorden"]
[Result "0-1"]
[Board "4"]
[WhiteTitle "GM"]
[WhiteElo "2614"]
[WhiteCountry "GER"]
[WhiteFideId "11600454"]
[WhiteEloChange "-6"]
[BlackTitle "GM"]
[BlackElo "2557"]
[BlackCountry "NED"]
[BlackFideId "1039784"]
[BlackEloChange "6"]

1. d4 {[%clk 1:57:55]} d5 {[%clk 2:00:19]} 2. c4 {[%clk 1:58:01]} c6 {[%clk
2:00:27]} 3. Nf3 {[%clk 1:58:11]} Nf6 {[%clk 2:00:37]} 4. e3 {[%clk 1:58:21]} Bg4
{[%clk 2:00:43]} 5. h3 {[%clk 1:58:31]} Bh5 {[%clk 2:00:52]} 6. g4 {[%clk
1:58:42]} Bg6 {[%clk 2:01:00]} 7. Ne5 {[%clk 1:58:55]} e6 {[%clk 2:00:24]} 8.
Nxg6 {[%clk 1:58:20]} hxg6 {[%clk 2:00:31]} 9. Nd2 {[%clk 1:57:55]} Nbd7 {[%clk
2:00:39]} 10. Bg2 {[%clk 1:58:05]} Bd6 {[%clk 2:00:46]} 11. O-O {[%clk 1:58:14]}
Qe7 {[%clk 2:00:56]} 12. Re1 {[%clk 1:55:00]} Ne4 {[%clk 2:01:07]} 13. Nxe4
{[%clk 1:20:36]} dxe4 {[%clk 2:00:46]} 14. f3 {[%clk 1:20:44]} f5 {[%clk
1:51:40]} 15. gxf5 {[%clk 1:13:44]} gxf5 {[%clk 1:51:09]} 16. Kf1 {[%clk
0:54:52]} Bg3 {[%clk 1:46:26]} 17. fxe4 {[%clk 0:53:09]} fxe4 {[%clk 1:42:55]}
18. Ke2 {[%clk 0:53:19]} Qb4 {[%clk 1:40:03]} 19. b3 {[%clk 0:51:32]} Qxe1+
{[%clk 1:33:28]} 20. Qxe1 {[%clk 0:51:31]} Bxe1 {[%clk 1:33:39]} 21. Kxe1 {[%clk
0:51:41]} Nf6 {[%clk 1:33:51]} 22. a4 {[%clk 0:44:31]} Kd7 {[%clk 1:32:46]} 23.
Ra2 {[%clk 0:44:13]} Rh5 {[%clk 1:32:55]} 24. Bf1 {[%clk 0:42:04]} Rg5 {[%clk
1:31:21]} 25. b4 {[%clk 0:40:23]} Rf8 {[%clk 1:28:14]} 26. b5 {[%clk 0:39:56]}
Ne8 {[%clk 1:24:56]} 27. bxc6+ {[%clk 0:38:26]} bxc6 {[%clk 1:24:18]} 28. Bg2
{[%clk 0:33:49]} Nd6 {[%clk 1:23:56]} 29. c5 {[%clk 0:33:56]} Nc4 {[%clk
1:21:44]} 30. Rf2 {[%clk 0:33:37]} Rxf2 {[%clk 1:11:27]} 31. Kxf2 {[%clk
0:33:43]} Rf5+ {[%clk 1:11:41]} 32. Kg1 {[%clk 0:30:50]} Rh5 {[%clk 1:04:16]} 33.
Kh2 {[%clk 0:30:28]} Rh8 {[%clk 1:04:06]} 34. Bf1 {[%clk 0:28:26]} Rb8 {[%clk
1:02:44]} 35. Bxc4 {[%clk 0:28:25]} Rb1 {[%clk 1:02:53]} 36. Bd2 {[%clk 0:27:37]}
Rb2 {[%clk 1:01:36]} 37. Kg3 {[%clk 0:27:47]} Rxd2 {[%clk 1:01:48]} 38. Kf4
{[%clk 0:27:55]} Rc2 {[%clk 1:01:37]} 39. Bb3 {[%clk 0:27:26]} Rc3 {[%clk
0:52:18]} 40. Bd1 {[%clk 0:27:34]} e5+ {[%clk 0:52:28]} 41. Kxe4 {[%clk 0:18:01]}
exd4 {[%clk 0:52:40]} 42. Kxd4 {[%clk 0:17:20]} Rc1 {[%clk 0:52:42]} 43. Bg4+
{[%clk 0:17:19]} Kc7 {[%clk 0:52:01]} 44. Bf5 {[%clk 0:16:35]} a5 {[%clk
0:52:00]} 45. Be6 {[%clk 0:16:03]} Rd1+ {[%clk 0:51:46]} 46. Kc3 {[%clk 0:15:55]}
g5 {[%clk 0:48:59]} 47. e4 {[%clk 0:13:52]} Kd8 {[%clk 0:48:24]} 48. Bg4 {[%clk
0:11:28]} Ra1 {[%clk 0:48:31]} 0-1

[Event "BPB Limburg Open - Group A"]
[Site "chess24.com"]
[Date "2016.05.16"]
[Round "6"]
[White "Berg, Emanuel"]
[Black "Bus, Tom"]
[Result "1-0"]
[Board "5"]
[WhiteTitle "GM"]
[WhiteElo "2581"]
[WhiteCountry "SWE"]
[WhiteFideId "1704060"]
[WhiteEloChange "1"]
[BlackElo "2178"]
[BlackCountry "NED"]
[BlackFideId "1014374"]
[BlackEloChange "-2"]

1. e4 {[%clk 2:00:16]} c6 {[%clk 2:00:16]} 2. d4 {[%clk 2:00:25]} d5 {[%clk
2:00:19]} 3. Nc3 {[%clk 2:00:35]} dxe4 {[%clk 2:00:24]} 4. Nxe4 {[%clk 2:00:48]}
Bf5 {[%clk 2:00:19]} 5. Ng3 {[%clk 2:01:00]} Bg6 {[%clk 2:00:25]} 6. h4 {[%clk
2:01:14]} h6 {[%clk 2:00:27]} 7. Nf3 {[%clk 2:01:26]} Nd7 {[%clk 2:00:20]} 8. h5
{[%clk 2:01:21]} Bh7 {[%clk 2:00:31]} 9. Bd3 {[%clk 2:01:32]} Bxd3 {[%clk
2:00:35]} 10. Qxd3 {[%clk 2:01:45]} e6 {[%clk 2:00:02]} 11. Bd2 {[%clk 2:01:58]}
Ngf6 {[%clk 1:59:53]} 12. O-O-O {[%clk 2:02:09]} Be7 {[%clk 1:59:22]} 13. Qe2
{[%clk 2:02:13]} O-O {[%clk 1:58:31]} 14. Rhe1 {[%clk 2:01:34]} c5 {[%clk
1:50:38]} 15. Nf5 {[%clk 2:01:09]} exf5 {[%clk 1:36:03]} 16. Qxe7 {[%clk
2:01:16]} Ne4 {[%clk 1:34:23]} 17. Qxd8 {[%clk 1:58:29]} Rfxd8 {[%clk 1:33:08]}
18. Be3 {[%clk 1:57:00]} c4 {[%clk 1:22:51]} 19. Nh4 {[%clk 1:51:57]} f4 {[%clk
1:17:59]} 20. f3 {[%clk 1:30:44]} Nc3 {[%clk 0:58:57]} 21. bxc3 {[%clk 1:30:05]}
fxe3 {[%clk 0:58:41]} 22. Rxe3 {[%clk 1:27:58]} Nf6 {[%clk 0:58:25]} 23. Re5
{[%clk 1:27:19]} Nd5 {[%clk 0:57:04]} 24. Kd2 {[%clk 1:26:32]} b5 {[%clk
0:45:20]} 25. Nf5 {[%clk 1:26:33]} Kf8 {[%clk 0:45:14]} 26. Ne3 {[%clk 1:11:52]}
Nc7 {[%clk 0:42:19]} 27. a4 {[%clk 1:11:17]} a6 {[%clk 0:41:27]} 28. Ra1 {[%clk
1:11:22]} Rab8 {[%clk 0:38:31]} 29. axb5 {[%clk 1:07:01]} axb5 {[%clk 0:37:08]}
30. Ra7 {[%clk 1:06:39]} Ne6 {[%clk 0:28:36]} 31. Nd5 {[%clk 1:06:31]} b4 {[%clk
0:15:20]} 32. Nxb4 {[%clk 1:06:08]} Rxb4 {[%clk 0:15:19]} 33. cxb4 {[%clk
1:04:32]} Nxd4 {[%clk 0:14:18]} 34. Kc3 {[%clk 1:04:33]} Nc6 {[%clk 0:12:08]} 35.
Rea5 {[%clk 1:04:41]} Nxa7 {[%clk 0:10:46]} 36. Rxa7 {[%clk 1:04:49]} Rd5 {[%clk
0:10:56]} 37. Kxc4 {[%clk 1:04:25]} 1-0

[Event "BPB Limburg Open - Group A"]
[Site "chess24.com"]
[Date "2016.05.16"]
[Round "6"]
[White "Van Dooren, Dirk"]
[Black "Socko, Bartosz"]
[Result "1/2-1/2"]
[Board "6"]
[WhiteTitle "FM"]
[WhiteElo "2365"]
[WhiteCountry "NED"]
[WhiteFideId "1015761"]
[WhiteEloChange "6"]
[BlackTitle "GM"]
[BlackElo "2600"]
[BlackCountry "POL"]
[BlackFideId "1107038"]
[BlackEloChange "-3"]

1. e4 {[%clk 2:00:25]} e5 {[%clk 2:00:25]} 2. f4 {[%clk 2:00:36]} exf4 {[%clk
2:00:26]} 3. Nf3 {[%clk 2:00:48]} h6 {[%clk 2:00:16]} 4. Nc3 {[%clk 2:00:36]} g5
{[%clk 1:59:50]} 5. d4 {[%clk 1:58:45]} Bg7 {[%clk 1:59:45]} 6. g3 {[%clk
1:58:46]} d6 {[%clk 1:52:46]} 7. gxf4 {[%clk 1:36:48]} g4 {[%clk 1:52:15]} 8. Rg1
{[%clk 1:37:00]} Bf6 {[%clk 1:36:06]} 9. e5 {[%clk 1:35:54]} dxe5 {[%clk
1:22:22]} 10. Nxe5 {[%clk 1:28:52]} Bh4+ {[%clk 1:21:57]} 11. Ke2 {[%clk
1:29:03]} Nc6 {[%clk 1:20:55]} 12. d5 {[%clk 1:22:57]} Nxe5 {[%clk 1:06:55]} 13.
fxe5 {[%clk 1:22:20]} c6 {[%clk 1:05:16]} 14. d6 {[%clk 1:03:30]} Be6 {[%clk
1:04:34]} 15. Qd4 {[%clk 1:02:34]} Qb6 {[%clk 0:59:35]} 16. Be3 {[%clk 0:57:25]}
Qxb2 {[%clk 0:58:00]} 17. Bg2 {[%clk 0:52:33]} Qxc2+ {[%clk 0:55:13]} 18. Bd2
{[%clk 0:52:30]} c5 {[%clk 0:48:18]} 19. Qd3 {[%clk 0:42:13]} Qxd3+ {[%clk
0:48:23]} 20. Kxd3 {[%clk 0:42:25]} O-O-O {[%clk 0:44:39]} 21. Be3 {[%clk
0:40:30]} f6 {[%clk 0:40:51]} 22. Bxc5 {[%clk 0:36:53]} fxe5 {[%clk 0:40:17]} 23.
Nb5 {[%clk 0:34:43]} Kd7 {[%clk 0:36:25]} 24. Bxb7 {[%clk 0:33:40]} Nf6 {[%clk
0:30:56]} 25. Nxa7 {[%clk 0:33:00]} Bf5+ {[%clk 0:31:01]} 26. Ke2 {[%clk
0:32:06]} Rb8 {[%clk 0:28:09]} 27. Bc6+ {[%clk 0:30:39]} Ke6 {[%clk 0:28:12]} 28.
Nb5 {[%clk 0:30:48]} Nd5 {[%clk 0:22:55]} 29. a4 {[%clk 0:19:44]} Rhc8 {[%clk
0:18:55]} 30. Bxd5+ {[%clk 0:16:48]} Kxd5 {[%clk 0:18:59]} 31. Rac1 {[%clk
0:17:01]} Rxc5 {[%clk 0:15:15]} 32. Nc7+ {[%clk 0:15:34]} Rxc7 {[%clk 0:11:48]}
33. Rgd1+ {[%clk 0:15:41]} Ke4 {[%clk 0:11:29]} 34. dxc7 {[%clk 0:15:24]} Rb2+
{[%clk 0:11:39]} 35. Kf1 {[%clk 0:15:36]} Rxh2 {[%clk 0:07:54]} 36. Kg1 {[%clk
0:15:06]} Ra2 {[%clk 0:05:47]} 37. Rc4+ {[%clk 0:12:47]} Ke3 {[%clk 0:05:59]} 38.
Rc3+ {[%clk 0:12:54]} Ke2 {[%clk 0:05:36]} 39. Rf1 {[%clk 0:13:06]} Bc8 {[%clk
0:05:35]} 40. Rc4 {[%clk 0:11:43]} Bg3 {[%clk 0:05:07]} 41. Rf8 {[%clk 0:09:48]}
Bb7 {[%clk 0:04:41]} 42. Rc1 {[%clk 0:09:50]} Bf4 {[%clk 0:02:11]} 43. Rb1 {[%clk
0:08:09]} Be3+ {[%clk 0:02:25]} 44. Kh2 {[%clk 0:08:20]} Bf4+ {[%clk 0:02:33]}
45. Kg1 {[%clk 0:08:15]} Be3+ {[%clk 0:00:38]} 46. Kh2 {[%clk 0:08:26]} Bf3
{[%clk 0:00:49]} 47. Rfb8 {[%clk 0:05:45]} Bf4+ {[%clk 0:01:02]} 48. Kg1 {[%clk
0:05:54]} Be3+ {[%clk 0:01:14]} 49. Kh2 {[%clk 0:06:06]} Bf4+ {[%clk 0:00:21]}
50. Kg1 {[%clk 0:06:17]} Be3+ {[%clk 0:00:22]} 51. Kh2 {[%clk 0:06:27]} Bf4+
{[%clk 0:00:26]} 52. Kg1 {[%clk 0:06:37]} Be3+ {[%clk 0:00:39]} 1/2-1/2

[Event "BPB Limburg Open - Group A"]
[Site "chess24.com"]
[Date "2016.05.16"]
[Round "6"]
[White "Beukema, Stefan"]
[Black "Bauer, Christian"]
[Result "0-1"]
[Board "7"]
[WhiteTitle "IM"]
[WhiteElo "2361"]
[WhiteCountry "BEL"]
[WhiteFideId "1024523"]
[WhiteEloChange "-3"]
[BlackTitle "GM"]
[BlackElo "2634"]
[BlackCountry "FRA"]
[BlackFideId "603767"]
[BlackEloChange "2"]

1. e4 {[%clk 2:00:18]} c5 {[%clk 2:00:20]} 2. Nf3 {[%clk 2:00:16]} Nc6 {[%clk
2:00:27]} 3. d4 {[%clk 2:00:00]} cxd4 {[%clk 2:00:36]} 4. Nxd4 {[%clk 2:00:08]}
Qb6 {[%clk 2:00:32]} 5. Nb3 {[%clk 1:59:16]} Nf6 {[%clk 2:00:42]} 6. Nc3 {[%clk
1:58:23]} e6 {[%clk 2:00:51]} 7. Qe2 {[%clk 1:55:31]} Bb4 {[%clk 1:58:40]} 8. Bd2
{[%clk 1:55:22]} O-O {[%clk 1:58:33]} 9. a3 {[%clk 1:55:23]} Be7 {[%clk 1:58:35]}
10. g4 {[%clk 1:30:33]} d5 {[%clk 1:55:21]} 11. g5 {[%clk 1:25:13]} Nxe4 {[%clk
1:52:47]} 12. Nxe4 {[%clk 1:25:21]} dxe4 {[%clk 1:52:57]} 13. Qxe4 {[%clk
1:25:18]} e5 {[%clk 1:43:15]} 14. Be3 {[%clk 1:17:13]} Qc7 {[%clk 1:39:09]} 15.
h4 {[%clk 1:13:55]} Rd8 {[%clk 1:19:19]} 16. h5 {[%clk 1:01:00]} Be6 {[%clk
1:17:28]} 17. Bd3 {[%clk 0:53:14]} Rxd3 {[%clk 1:17:05]} 18. Qxd3 {[%clk
0:53:21]} Rd8 {[%clk 1:14:00]} 19. Qc3 {[%clk 0:49:40]} Qd7 {[%clk 1:09:30]} 20.
Nd2 {[%clk 0:39:14]} Nd4 {[%clk 0:47:18]} 21. Bxd4 {[%clk 0:37:08]} exd4 {[%clk
0:47:32]} 22. Qg3 {[%clk 0:36:58]} Qc6 {[%clk 0:45:25]} 23. O-O {[%clk 0:28:31]}
Qxc2 {[%clk 0:44:04]} 24. Rfd1 {[%clk 0:25:02]} Qf5 {[%clk 0:37:17]} 25. f4
{[%clk 0:22:23]} d3 {[%clk 0:33:27]} 26. Rac1 {[%clk 0:18:59]} Rd4 {[%clk
0:26:59]} 27. Rf1 {[%clk 0:17:39]} Bd6 {[%clk 0:25:29]} 28. Qe3 {[%clk 0:17:35]}
Qg4+ {[%clk 0:24:27]} 29. Kh2 {[%clk 0:17:39]} Rxf4 {[%clk 0:22:11]} 0-1